Lure of the Himalaya : (Record no. 16554)
[ view plain ]
| 000 -LEADER | |
|---|---|
| fixed length control field | 00879nam a22002657a 4500 |
| 001 - CONTROL NUMBER | |
| control field | 16554 |
| 003 - CONTROL NUMBER IDENTIFIER | |
| rucl marc code | BD-RjUL |
| 005 - DATE AND TIME OF LATEST TRANSACTION | |
| control field | 20211209000025.0 |
| 008 - FIXED-LENGTH DATA ELEMENTS--GENERAL INFORMATION | |
| fixed length control field | 140213s1944 ii a ab 000 0 eng d |
| 035 ## - SYSTEM CONTROL NUMBER | |
| System control number | (BD-RjUL) 16609 |
| 040 ## - CATALOGING SOURCE | |
| Original cataloging agency | DLC |
| Transcribing agency | DLC |
| Language of cataloging | eng |
| Modifying agency | BD-RjUL |
| 041 ## - LANGUAGE CODE | |
| Language code of text/sound track or separate title | eng |
| 082 00 - DEWEY DECIMAL CLASSIFICATION NUMBER | |
| Edition number | 21 |
| Classification number | 796.522095496 |
| Author mark and year | BHL 1944 |
| 100 1# - MAIN ENTRY--PERSONAL NAME | |
| Personal name | Bhanja, K. C. |
| 9 (RLIN) | 51161 |
| 245 10 - TITLE STATEMENT | |
| Title | Lure of the Himalaya : |
| Remainder of title | embodying accounts of Mount Everest expeditions by land and air / |
| Statement of responsibility, etc. | by K.C. Bhanja. |
| 260 ## - PUBLICATION, DISTRIBUTION, ETC. (IMPRINT) | |
| Place of publication, distribution, etc. | Darjeeling : |
| Name of publisher, distributor, etc. | Gilbert & Co., |
| Date of publication, distribution, etc. | 1944. |
| 300 ## - PHYSICAL DESCRIPTION | |
| Pagination | 253, [ii] p. : |
| Illustrations | ill. ; |
| Size | 17 cm. |
| 504 ## - BIBLIOGRAPHY, ETC. NOTE | |
| Bibliography, etc | Includes bibliographical references. |
| 651 #0 - SUBJECT ADDED ENTRY--GEOGRAPHIC NAME | |
| Geographic name | Everest, Mount (China and Nepal) |
| 9 (RLIN) | 35381 |
| 830 #0 - SERIES ADDED ENTRY--UNIFORM TITLE | |
| Volume number/sequential designation | item 10032. |
| Uniform title | SAMP early 20th-century Indian books project ; |
| 942 ## - ADDED ENTRY ELEMENTS (KOHA) | |
| Source of classification or shelving scheme | Dewey Decimal Classification |
| Koha item type | Books |
| Lost status | Source of classification or shelving scheme | Damaged status | Not for loan | Collection code | Permanent Location | Current Location | Shelving location | Date acquired | Source of acquisition | Cost, normal purchase price | Total Checkouts | Full call number | Date last seen | Copy number | Koha item type |
|---|---|---|---|---|---|---|---|---|---|---|---|---|---|---|---|
| Dewey Decimal Classification | Not For Loan | Non-fiction | Central Library, University of Rajshahi | Central Library, University of Rajshahi | Reading Room | 14/02/1956 | Standardzinh | 6.80 | 796.522095496 BHL 1944 | 13/02/2014 | C-1 | Books |